Some Policy Lessons from Country Applications of the DIG and DIGNAR Models /

Over the past seven years, the DIG and DIGNAR models have complemented the IMF and World Bank debt sustainability framework (DSF) analysis, over 65 country applications. They have provided useful insights in the context of program and surveillance work, based on qualitative and quantitative analysis...

ver descrição completa

Detalhes bibliográficos
Autor principal: Gurara, Daniel
Outros Autores: Melina, Giovanni, Zanna, Luis-Felipe
Formato: Periódico
Idioma:English
Publicado em: Washington, D.C. : International Monetary Fund, 2019.
Colecção:IMF Working Papers; Working Paper ; No. 2019/062
Acesso em linha:Full text available on IMF
LEADER 02575cas a2200265 a 4500
001 AALejournalIMF019133
008 230101c9999 xx r poo 0 0eng d
020 |c 5.00 USD 
020 |z 9781498302883 
022 |a 1018-5941 
040 |a BD-DhAAL  |c BD-DhAAL 
100 1 |a Gurara, Daniel. 
245 1 0 |a Some Policy Lessons from Country Applications of the DIG and DIGNAR Models /  |c Daniel Gurara, Giovanni Melina, Luis-Felipe Zanna. 
264 1 |a Washington, D.C. :  |b International Monetary Fund,  |c 2019. 
300 |a 1 online resource (45 pages) 
490 1 |a IMF Working Papers 
500 |a <strong>Off-Campus Access:</strong> No User ID or Password Required 
500 |a <strong>On-Campus Access:</strong> No User ID or Password Required 
506 |a Electronic access restricted to authorized BRAC University faculty, staff and students 
520 3 |a Over the past seven years, the DIG and DIGNAR models have complemented the IMF and World Bank debt sustainability framework (DSF) analysis, over 65 country applications. They have provided useful insights in the context of program and surveillance work, based on qualitative and quantitative analysis of the macroeconomic effects of public investment scaling-ups. This paper takes stock of the model applications and extensions, and extract five common policy lessons from the universe of country cases. First, improving public investment efficiency and/or raising the rate of return of public projects raises growth and lowers the risks associated with debt sustainability. Second, prudent and gradual investment scaling-ups are preferable to aggressive front-loaded ones, in terms of private sector crowding-out effects, absorptive capacity constraints, and debt sustainability risks. Third, domestic revenue mobilization helps create fiscal space for investment scaling-ups, by effectively containing public debt surges and their later-on repayments. Fourth, aid smoothens fiscal adjustments associated with public investment increases and may lower the risks of unsustainable debt. Fifth, external savings mitigate Dutch disease macroeconomic effects and serve as fiscal buffers. The paper also discusses how these models were used to estimate the quantitative macro economic effects associated with these lessons. 
538 |a Mode of access: Internet 
700 1 |a Melina, Giovanni. 
700 1 |a Zanna, Luis-Felipe. 
830 0 |a IMF Working Papers; Working Paper ;  |v No. 2019/062 
856 4 0 |z Full text available on IMF  |u http://elibrary.imf.org/view/journals/001/2019/062/001.2019.issue-062-en.xml  |z IMF e-Library